| 000 | 00466cam a2200133u 4500 | ||
|---|---|---|---|
| 082 |
_a335.00942 _bATK |
||
| 100 | 1 |
_aAtkinson, Christopher Thomas. [from old catalog] _949277 |
|
| 245 | 0 | 0 | _aMarlborough and the rise of the British army, |
| 260 |
_aNew York and London, _bG. P. Putnam's sons, _c1921. |
||
| 300 |
_axviii p., 1 l., _b546 p. front., ports., xvi fold. maps. _c23 cm. |
||
| 526 |
_a0 _b0 _c0 _d335_009420000000000_ATK |
||
| 650 |
_aMCE _9379 |
||
| 942 |
_2ddc _cBK |
||
| 999 |
_c552070 _d552070 |
||